|
|
|
|
| LEADER |
02109cas a2200253 a 4500 |
| 001 |
AALejournalIMF019186 |
| 008 |
230101c9999 xx r poo 0 0eng d |
| 020 |
|
|
|c 5.00 USD
|
| 020 |
|
|
|z 9781498311472
|
| 022 |
|
|
|a 1018-5941
|
| 040 |
|
|
|a BD-DhAAL
|c BD-DhAAL
|
| 100 |
1 |
|
|a Hashimoto, Yuko.
|
| 245 |
1 |
0 |
|a Capital Flows :
|b The Role of Bank and Nonbank Balance Sheets /
|c Yuko Hashimoto, Signe Krogstrup.
|
| 264 |
|
1 |
|a Washington, D.C. :
|b International Monetary Fund,
|c 2019.
|
| 300 |
|
|
|a 1 online resource (40 pages)
|
| 490 |
1 |
|
|a IMF Working Papers
|
| 500 |
|
|
|a <strong>Off-Campus Access:</strong> No User ID or Password Required
|
| 500 |
|
|
|a <strong>On-Campus Access:</strong> No User ID or Password Required
|
| 506 |
|
|
|a Electronic access restricted to authorized BRAC University faculty, staff and students
|
| 520 |
3 |
|
|a This paper assesses the role of bank and nonbank financial institutions' balance sheet foreign exposures and risk management practices in driving capital flow responses to global risk. Using a unique and previously unexplored dataset on domestic and cross border balance sheet positions of financial institutions collected by the IMF, we show that the response of overall capital flows to global risk shocks is associated with the on-balance sheet foreign exposures of nonbanks, but not with that of banks. A possible interpretation is that risk-averse and dynamically optimizing nonbanks reduce their foreign risk exposure when global risk perceptions increase, leading to capital flows, while banks tend to be hedged against these risks off balance sheet. In advanced countries, the findings suggest that nonbank portfolio adjustment to changing risk conditions may take place through derivatives transactions with banks, the hedging practices of which trigger bank related capital flows rather than portfolio flows.
|
| 538 |
|
|
|a Mode of access: Internet
|
| 700 |
1 |
|
|a Krogstrup, Signe.
|
| 830 |
|
0 |
|a IMF Working Papers; Working Paper ;
|v No. 2019/085
|
| 856 |
4 |
0 |
|z Full text available on IMF
|u http://elibrary.imf.org/view/journals/001/2019/085/001.2019.issue-085-en.xml
|z IMF e-Library
|